[Event "ITA-ch U20"]
[Site "Tarvisio"]
[Date "2023.07.06"]
[Round "6"]
[White "Ulbar, Costantino"]
[Black "Sassi, Ettore"]
[Result "0-1"]
[WhiteElo "1219"]
[BlackElo "1493"]
[PlyCount "40"]
[EventDate "2023.07.02"]
[EventType "swiss"]
[EventRounds "9"]
[EventCountry "ITA"]
[SourceTitle "EXT 2024"]
[Source "ChessBase"]
[SourceDate "2023.10.10"]
[SourceVersion "1"]
[SourceVersionDate "2023.10.10"]
[SourceQuality "1"]

1. e4 c5 2. d4 cxd4 3. Nf3 d6 4. Nxd4 Nf6 5. Nc3 a6 6. f4 e6 7. Bd3 Be7 8. 0-0 0-0 9. Qe2 Nbd7 10. Rf3 Qb6 11. Be3 Qxb2 12. Qe1 Qb4 13. e5 dxe5 14. Rb1 Qa5 15. Nb3 Qc7 16. Rh3 exf4 17. Qh4 g6 18. Rf1 fxe3 19. Rxf6 Nxf6 20. Ne4 Nh5 0-1